000 00590nam a2200205 i 4500
001 bg
100 1 _aCIOŁEK, Ryszard
245 0 _aMaszyny budowlane /
_cRyszard Ciołek.
260 _aBiałystok :
_bWydawnictwa PB,
_c1992.
300 _a209 s. :
_brys. ;
_c23 cm.
490 1 _aSkrypty / Politechnika Białostocka
504 _aBibliogr. s. 208-209.
710 _aPOLITECHNIKA BIAŁOSTOCKA (Białystok)
830 0 _aSkrypty (Politechnika Białostocka)
040 _cBPK
041 _apol
080 _a69.002.5(075.8)
942 _cKS
008 s pl f |000 0 pol
999 _c6207
_d6207
856 _uhttp://koha.tu.koszalin.pl/cgi-bin/koha/opac-detail.pl?biblionumber=6207
_yKatalog online BPK